000 00387nam a2200157Ia 4500
008 210716s1997 xx 000 0 und d
020 _a8170298016
041 _aeng
082 _a005.133 KANY
100 _aKanetkar, Yashavant P.
245 _aTest your C skills.
250 _a1
260 _aNew Delhi
_bBPB Publications
_c1997
300 _aviii,255,20
650 _aC Programming
999 _c189444
_d189444